000 01512nam2a22002411 4500
001 rc\3155097
005 20250530073047.0
035 _a(NLR Aleph) 007298856
090 _a5688786
_c5688786
100 _a20120615d1976 |||y0rusy50 ca
101 0 _arus
102 _aRU
105 _ay z |||||
200 1 _aA-I]
210 _d1976
_aБ. м.
215 _a146 с.
461 0 _1001rc\3155096
_12001#$aСводный каталог иностранных научно-технических периодических изданий, полученных организациями Грузинской ССР. 1972-1974 гг.$e[Ч. 1-2]$fГос. ком. Совета Министров ГССР по науке и технике. Груз. респ. науч.-техн. б-ка им. Г.М. Микеладзе$v[Ч. 1
_95688778
_cТбилиси
_d1976
_fГос. ком. Совета Министров ГССР по науке и технике. Груз. респ. науч.-техн. б-ка им. Г.М. Микеладзе
_nГруз. НИИ науч.-техн. информации и техн.-экон. исследований
_o[Ч. 1-2]
_tСводный каталог иностранных научно-технических периодических изданий, полученных организациями Грузинской ССР. 1972-1974 гг.
_v[Ч. 1
801 0 _aRU
_bNLR
_gpsbo
801 1 _aRU
_bELAR
_2rusmarc
852 _aNLR
_bОНЛ
942 _cBOOK
980 _aNB